Chemistry of the defect solid state.

Bibliographic Details
Main Author: Rees, A. L. G. (Albert Lloyd George), 1916-1989
Format: Book
Language:English
Published: London : New York : Methuen; Wiley, [1954]
Series:Methuen's monographs on chemical subjects.
Subjects:

MARC

Tag First Indicator Second Indicator Subfields
LEADER 00000cam a2200000 4500
001 in00000051892
005 20151007074054.0
008 740909s1954 enka b 00000 eng u
010 |a  54001972  
035 |a (OCoLC)01002089 
035 |9 AAF0887AM 
040 |c ITD  |d TXA  |d UtOrBLW 
049 |a TXAM  |c [235777] 
050 0 0 |a QD473  |b .R4 
082 0 |a 541.22 
092 |a 541.31  |b R328c 
100 1 |a Rees, A. L. G.  |q (Albert Lloyd George),  |d 1916-1989. 
245 1 0 |a Chemistry of the defect solid state. 
264 1 |a London :  |b Methuen;  |a New York :  |b Wiley,  |c [1954] 
300 |a 136 pages :  |b illustrations ;  |c 18 cm. 
336 |a text  |b txt  |2 rdacontent 
337 |a unmediated  |b n  |2 rdamedia 
338 |a volume  |b nc  |2 rdacarrier 
490 1 |a Methuen's monographs on chemical subjects 
504 |a Includes bibliography. 
650 0 |a Solids. 
740 0 |a Defect solid state. 
830 0 |a Methuen's monographs on chemical subjects. 
999 |a MARS 
999 f f |s ca78266e-b50c-3673-9ed3-b87edb2aefaf  |i a45a1afb-d35c-3c78-af1b-26704e955bd2  |t 0 
952 f f |p ric  |a Texas A&M University  |b Rellis Campus  |c Joint Library Facility  |s JLF  |d Remote Storage  |t 0  |e QD473 .R4  |h Library of Congress classification  |i unmediated -- volume  |m A14800935935 
998 f f |a QD473 .R4  |t 0  |l Remote Storage